The 20 Most Populous Countries in Europe in 1500 - Statistics

General Stats
  • This quiz has been taken 33 times
  • The average score is 19 of 20
Answer Stats
Est. Population Country % Correct
15,000,000 France
100%
7,600,000 Russia
100%
3,942,000 United Kingdom
100%
2,000,000 Austria
97%
1,400,000 Belgium
97%
12,000,000 Germany
97%
1,000,000 Greece
97%
1,250,000 Hungary
97%
10,500,000 Italy
97%
950,000 Netherlands
97%
6,800,000 Spain
97%
2,160,000 Czechia
94%
4,000,000 Poland
94%
2,000,000 Romania
94%
840,000 Slovakia
94%
1,000,000 Portugal
90%
990,000 Serbia
90%
2,700,000 Ukraine
90%
800,000 Ireland
87%
800,000 Bulgaria
84%
No matching quizzes found
Score Distribution
Percent of People with Each Score
Percentile by Number Answered
Your Score History
You have not taken this quiz